[Event "Alberta op"]
[Site "Calgary CAN"]
[Date "2002.10.12"]
[Round "2"]
[White "Huber, Greg"]
[Black "Yamach, Ahmet"]
[Result "1-0"]
[WhiteElo "2301"]
[BlackElo "1838"]
[PlyCount "79"]
[EventDate "2002.10.12"]
[EventType "swiss"]
[EventRounds "6"]
[EventCountry "CAN"]

1. e4 d5 2. exd5 Qxd5 3. d4 Nf6 4. c4 Qd8 5. Nc3 Bf5 6. Nf3 e6 7. Be2 c6 8. O-O
Be7 9. Bf4 O-O 10. Qb3 Qb6 11. Qxb6 axb6 12. Nh4 Bg6 13. Nxg6 hxg6 14. Rfd1
Nbd7 15. d5 e5 16. Be3 Bc5 17. Bf3 Bxe3 18. fxe3 Rfc8 19. dxc6 bxc6 20. Rd6 Nb8
21. Rad1 Kh7 22. h4 Ne8 23. Rd8 Na6 24. Rxe8 Rxe8 25. Bxc6 Nc5 26. Bxe8 Rxe8
27. Rd6 Rb8 28. b4 Na6 29. a3 Nc7 30. Rd7 Rc8 31. Rxf7 Ne6 32. Re7 Rxc4 33.
Rxe6 Rxc3 34. Rxe5 Rxa3 35. Kf2 Ra2+ 36. Kf3 Ra1 37. Re6 Rf1+ 38. Ke2 Rg1 39.
Kf2 Rh1 40. g3 1-0

[Event "Alberta op"]
[Site "Calgary CAN"]
[Date "2002.10.12"]
[Round "2"]
[White "Hughey, Micah"]
[Black "Aartsen, Keith"]
[Result "1-0"]
[WhiteElo "2011"]
[BlackElo "1398"]
[PlyCount "37"]
[EventDate "2002.10.12"]
[EventType "swiss"]
[EventRounds "6"]
[EventCountry "CAN"]

1. e4 e5 2. Nf3 d6 3. Bc4 h6 4. d4 exd4 5. c3 dxc3 6. Qb3 Qe7 7. O-O cxb2 8.
Bxb2 b6 9. e5 Be6 10. exd6 Qxd6 11. Re1 Qb4 12. Bxe6 Qxb3 13. Bxb3+ Ne7 14. Ne5
f6 15. Ba4+ c6 16. Nxc6 Kf7 17. Bb3+ Ke8 18. Nxe7 Bxe7 19. Bd5 1-0

[Event "Alberta op"]
[Site "Calgary CAN"]
[Date "2002.10.12"]
[Round "2"]
[White "Kaminski, Thomas"]
[Black "Adolph, Joel"]
[Result "0-1"]
[WhiteElo "1396"]
[BlackElo "1740"]
[PlyCount "68"]
[EventDate "2002.10.12"]
[EventType "swiss"]
[EventRounds "6"]
[EventCountry "CAN"]

1. e4 d5 2. exd5 Qxd5 3. d4 Nc6 4. Nc3 Qxd4 5. Qe2 Bg4 6. f3 Bf5 7. Nb5 Qd7 8.
Bf4 e5 9. Bxe5 O-O-O 10. Nxc7 Nxe5 11. Nb5 Bb4+ 12. c3 Nd3+ 13. Kd1 Nf4+ 14.
Nd4 Nxe2 15. Ngxe2 Bc5 16. Ke1 Bxd4 17. Nxd4 Nf6 18. Bb5 Qd5 19. Rd1 Qe5+ 20.
Kf2 Rxd4 21. Rxd4 Qxb5 22. Rb1 Re8 23. Rd2 Qc5+ 24. Rd4 Bxb1 25. b3 Qxc3 26.
Rc4+ Qxc4 27. bxc4 Bxa2 28. c5 Bc4 29. h3 Nh5 30. Kg1 Re2 31. Kh2 a5 32. f4 Bd5
33. c6 Rxg2+ 34. Kh1 Ng3# 0-1

[Event "Alberta op"]
[Site "Calgary CAN"]
[Date "2002.10.12"]
[Round "2"]
[White "Kaminski, Victor"]
[Black "Nguyen, Kim"]
[Result "1/2-1/2"]
[WhiteElo "1685"]
[BlackElo "1971"]
[PlyCount "107"]
[EventDate "2002.10.12"]
[EventType "swiss"]
[EventRounds "6"]
[EventCountry "CAN"]

1. Nf3 c5 2. g3 g6 3. Bg2 Bg7 4. c3 d5 5. d4 Nf6 6. O-O O-O 7. Bg5 Ne4 8. Bf4
b6 9. dxc5 Nxc5 10. Nbd2 Bb7 11. Qc2 Nc6 12. Nb3 Nxb3 13. Qxb3 e5 14. Be3 Na5
15. Qc2 Qc8 16. Rac1 Nc4 17. Bd2 Nxd2 18. Qxd2 Qe6 19. Rfd1 Rfe8 20. h4 Rad8
21. Ng5 Qe7 22. c4 f6 23. Nf3 d4 24. Qc2 Rd6 25. c5 bxc5 26. Qxc5 Bh6 27. Rc2
Rc8 28. Qb4 Rxc2 29. Qb3+ Qf7 30. Qxc2 Rc6 31. Qa4 Ra6 32. Qb4 Rb6 33. Qa3 Bf8
34. Qxa7 Ra6 35. Qb8 Ra8 36. Nxe5 Rxb8 37. Nxf7 Bxg2 38. Kxg2 Kxf7 39. b3 Rb4
40. Rd3 f5 41. a3 Rb8 42. b4 Bg7 43. e3 Ke6 44. exd4 Kd5 45. Rc3 Bxd4 46. Rc7
h5 47. Rd7+ Kc4 48. Rd6 Rb6 49. Rxb6 Bxb6 50. Kf3 Kb3 51. Kf4 Kxa3 52. Kg5 Bxf2
53. Kxg6 Bxg3 54. Kxf5 1/2-1/2

[Event "Alberta op"]
[Site "Calgary CAN"]
[Date "2002.10.12"]
[Round "2"]
[White "Kim, Calliella"]
[Black "Johnson, Dean"]
[Result "0-1"]
[WhiteElo "1134"]
[BlackElo "1624"]
[PlyCount "52"]
[EventDate "2002.10.12"]
[EventType "swiss"]
[EventRounds "6"]
[EventCountry "CAN"]

1. e4 e6 2. Nf3 d5 3. exd5 exd5 4. d4 Bd6 5. Nc3 Nf6 6. Bd3 O-O 7. O-O Bg4 8.
Be2 c6 9. Nd2 Bxe2 10. Nxe2 Qc7 11. Ng3 Re8 12. Re1 Nbd7 13. Ndf1 Rxe1 14. Qxe1
Re8 15. Qd1 c5 16. Nf5 Bf4 17. dxc5 Nxc5 18. Bxf4 Qxf4 19. N1g3 g6 20. Nd4 Ng4
21. Nf3 Nf6 22. Qd4 Qd6 23. Rd1 b6 24. Re1 Nce4 25. Nxe4 Nxe4 26. Rxe4 Rxe4 0-1

[Event "Alberta op"]
[Site "Calgary CAN"]
[Date "2002.10.12"]
[Round "2"]
[White "Kuczaj, Chris"]
[Black "Zheng, Fisher"]
[Result "1/2-1/2"]
[WhiteElo "1974"]
[BlackElo "1501"]
[PlyCount "42"]
[EventDate "2002.10.12"]
[EventType "swiss"]
[EventRounds "6"]
[EventCountry "CAN"]

1. d4 Nf6 2. c4 g6 3. Nc3 d5 4. Nf3 Bg7 5. cxd5 Nxd5 6. Qb3 Nxc3 7. bxc3 e6 8.
Ba3 Nc6 9. e3 Ne7 10. Be2 O-O 11. O-O b6 12. Rad1 Bb7 13. Rfe1 Re8 14. c4 Nf5
15. Bb2 Nh4 16. d5 exd5 17. Bxg7 Kxg7 18. Qc3+ Kg8 19. cxd5 Nxf3+ 20. Bxf3 Rc8
21. Qa3 a5 1/2-1/2

[Event "Alberta op"]
[Site "Calgary CAN"]
[Date "2002.10.12"]
[Round "2"]
[White "McKay, Tom"]
[Black "Bentley, Bill"]
[Result "0-1"]
[WhiteElo "1482"]
[BlackElo "1947"]
[PlyCount "30"]
[EventDate "2002.10.12"]
[EventType "swiss"]
[EventRounds "6"]
[EventCountry "CAN"]

1. e4 e6 2. d4 d5 3. Nc3 Bb4 4. e5 c5 5. a3 Bxc3+ 6. bxc3 Qc7 7. Be3 Ne7 8. Bd3
Bd7 9. Nf3 Nbc6 10. Ng5 h6 11. Qh5 g6 12. Qh4 cxd4 13. cxd4 Nxe5 14. dxe5 Qxe5
15. O-O hxg5 0-1

[Event "Alberta op"]
[Site "Calgary CAN"]
[Date "2002.10.12"]
[Round "2"]
[White "Milne, Arthur"]
[Black "Huber, Greg"]
[Result "0-1"]
[WhiteElo "1877"]
[BlackElo "2301"]
[PlyCount "92"]
[EventDate "2002.10.12"]
[EventType "swiss"]
[EventRounds "6"]
[EventCountry "CAN"]

1. Nf3 c5 2. b3 Nc6 3. Bb2 Nf6 4. c4 e6 5. g3 Be7 6. Bg2 O-O 7. O-O Qc7 8. d4
cxd4 9. Nxd4 d6 10. Nc3 Bd7 11. Rc1 Rac8 12. Nd5 exd5 13. cxd5 Qb6 14. dxc6
bxc6 15. Qc2 d5 16. Rfd1 Qa6 17. a3 Rfe8 18. e3 Bf8 19. b4 c5 20. bxc5 Rxc5 21.
Qb1 Rb8 22. Rxc5 Bxc5 23. Qa2 Qc4 24. Qa1 Qa4 25. Rc1 Bd6 26. Bf3 h6 27. Bd1
Qa6 28. a4 Ne4 29. Bb3 Rxb3 30. Nxb3 Qe2 31. Rf1 Bh3 32. Nd4 Qd2 33. Bc1 Qd3
34. Re1 Bb4 35. Bb2 Bxe1 36. Qxe1 Nd2 37. f3 h5 38. Kf2 Nc4 39. Bc1 Qb1 40. Ne2
Ne5 41. Qc3 Nd3+ 42. Kg1 Nxc1 43. Nxc1 Qb6 44. g4 Qa6 45. Nd3 hxg4 46. fxg4
Bxg4 0-1

[Event "Alberta op"]
[Site "Calgary CAN"]
[Date "2002.10.12"]
[Round "2"]
[White "Nguyen, Kim"]
[Black "McKay, Tom"]
[Result "1-0"]
[WhiteElo "1971"]
[BlackElo "1482"]
[PlyCount "67"]
[EventDate "2002.10.12"]
[EventType "swiss"]
[EventRounds "6"]
[EventCountry "CAN"]

1. e4 e5 2. Nf3 Nc6 3. Bb5 a6 4. Ba4 Nf6 5. O-O d6 6. c3 b5 7. Bb3 Na5 8. Bc2
c5 9. Re1 Be7 10. h3 Nc6 11. d4 O-O 12. Be3 Qc7 13. Nbd2 Rd8 14. d5 Nb8 15. Nh2
Nbd7 16. f4 exf4 17. Bxf4 Ne5 18. b3 Re8 19. Qe2 Bd7 20. Rf1 b4 21. c4 a5 22.
a4 Rf8 23. Rae1 Rae8 24. Nhf3 Nxf3+ 25. Nxf3 Bd8 26. Qd3 g6 27. e5 dxe5 28.
Bxe5 Rxe5 29. Nxe5 Bf5 30. Rxf5 gxf5 31. Qxf5 Re8 32. Re3 Qd6 33. Qg5+ Kf8 34.
Qh6+ 1-0

[Event "Alberta op"]
[Site "Calgary CAN"]
[Date "2002.10.12"]
[Round "2"]
[White "Robertson, Archie"]
[Black "Gardner, Robert"]
[Result "0-1"]
[WhiteElo "1850"]
[BlackElo "2244"]
[PlyCount "50"]
[EventDate "2002.10.12"]
[EventType "swiss"]
[EventRounds "6"]
[EventCountry "CAN"]

1. d4 Nf6 2. c4 c5 3. d5 b5 4. cxb5 a6 5. bxa6 g6 6. Nc3 Bxa6 7. e4 Bxf1 8.
Kxf1 d6 9. Nge2 Bg7 10. f3 O-O 11. Be3 Nbd7 12. Qd2 Qa5 13. Kf2 Ne5 14. b3 c4
15. Bd4 Nfd7 16. bxc4 Nxc4 17. Qd3 Nde5 18. Bxe5 Nxe5 19. Qc2 Rfc8 20. Rhc1
Qc5+ 21. Kg3 Ra3 22. Rab1 Qe3 23. Rb3 Rxb3 24. Qxb3 Nd3 25. Rc2 Qg5+ 0-1

[Event "Alberta op"]
[Site "Calgary CAN"]
[Date "2002.10.12"]
[Round "2"]
[White "Sorgard, Graham"]
[Black "Pradhan, Sarah"]
[Result "1-0"]
[WhiteElo "1790"]
[BlackElo "885"]
[PlyCount "45"]
[EventDate "2002.10.12"]
[EventType "swiss"]
[EventRounds "6"]
[EventCountry "CAN"]

1. e4 e5 2. Nf3 Nc6 3. Bb5 a6 4. Ba4 Nf6 5. O-O Nxe4 6. d4 exd4 7. Re1 d5 8.
Nxd4 Bc5 9. Nxc6 Qf6 10. Nd4+ Bd7 11. Bxd7+ Kxd7 12. Be3 Bxd4 13. Bxd4 Qh6 14.
Be3 Qh4 15. Qxd5+ Nd6 16. Nc3 c6 17. Qd3 Kc7 18. Rad1 Rhd8 19. Qd4 Qh5 20. Bf4
c5 21. Bxd6+ Rxd6 22. Qxd6+ Kc8 23. Re8# 1-0

[Event "Alberta op"]
[Site "Calgary CAN"]
[Date "2002.10.12"]
[Round "2"]
[White "Toth, Brian"]
[Black "Boehmer, Kris"]
[Result "1-0"]
[WhiteElo "1826"]
[BlackElo "2115"]
[PlyCount "61"]
[EventDate "2002.10.12"]
[EventType "swiss"]
[EventRounds "6"]
[EventCountry "CAN"]

1. e4 c5 2. d4 cxd4 3. c3 dxc3 4. Nxc3 Nc6 5. Nf3 d6 6. Bc4 a6 7. O-O Nf6 8.
Bg5 e6 9. Qe2 h6 10. Bh4 g5 11. Bg3 Nh5 12. Rad1 Nxg3 13. fxg3 Be7 14. Kh1 Bd7
15. Qf2 O-O 16. Qe2 b5 17. Bd3 Qc7 18. Rc1 Qb8 19. Bb1 Ra7 20. h4 Kg7 21. Qe3
g4 22. Nd4 Ne5 23. Nce2 Ng6 24. Nf4 Nxf4 25. Qxf4 h5 26. Nc6 Bxc6 27. Rxc6 Rc7
28. Rxd6 Bxd6 29. Qg5+ Kh7 30. Rf6 Rc1+ 31. Qxc1 1-0

[Event "Alberta op"]
[Site "Calgary CAN"]
[Date "2002.10.12"]
[Round "2"]
[White "Yamach, Ahmet"]
[Black "Pradhan, Faruq"]
[Result "1-0"]
[WhiteElo "1838"]
[BlackElo "1179"]
[PlyCount "53"]
[EventDate "2002.10.12"]
[EventType "swiss"]
[EventRounds "6"]
[EventCountry "CAN"]

1. c4 Nf6 2. d4 d5 3. e3 Bf5 4. Nc3 e6 5. Nf3 Bb4 6. Bd2 Nc6 7. a3 Bxc3 8. Bxc3
Qd7 9. Be2 b6 10. O-O O-O 11. Rc1 Ne4 12. Nh4 f6 13. Nxf5 exf5 14. cxd5 Qxd5
15. Bb4 Nxb4 16. Bc4 c6 17. axb4 Qxc4 18. Rxc4 c5 19. bxc5 bxc5 20. f3 Nd6 21.
Rxc5 Rac8 22. b4 Rxc5 23. bxc5 Nf7 24. Qa4 Ra8 25. Ra1 Kf8 26. Qc6 Rd8 27. Rxa7
1-0

[Event "Alberta op"]
[Site "Calgary CAN"]
[Date "2002.10.13"]
[Round "3"]
[White "Adolph, Joel"]
[Black "Beingessner, Andrew"]
[Result "1-0"]
[WhiteElo "1740"]
[BlackElo "1677"]
[PlyCount "45"]
[EventDate "2002.10.12"]
[EventType "swiss"]
[EventRounds "6"]
[EventCountry "CAN"]

1. e4 c5 2. Nf3 Nc6 3. c3 d5 4. exd5 Qxd5 5. Qb3 Qxb3 6. axb3 a6 7. d4 cxd4 8.
cxd4 e6 9. Nc3 Nge7 10. Bc4 b5 11. Bxb5 Bb7 12. Ba4 Kd8 13. O-O Nb4 14. Ne5 Kc7
15. Nxf7 Rg8 16. Bf4+ Kb6 17. Nd6 Ned5 18. Nc4+ Ka7 19. Nxd5 exd5 20. Nd6 g5
21. Be5 Bxd6 22. Bxd6 Rac8 23. Bxb4 1-0

[Event "Alberta op"]
[Site "Calgary CAN"]
[Date "2002.10.13"]
[Round "3"]
[White "Boehmer, Kris"]
[Black "Cacho, Belly"]
[Result "0-1"]
[WhiteElo "2115"]
[BlackElo "1730"]
[PlyCount "22"]
[EventDate "2002.10.12"]
[EventType "swiss"]
[EventRounds "6"]
[EventCountry "CAN"]

1. c4 Nf6 2. Nc3 d5 3. cxd5 Nxd5 4. g3 g6 5. Bg2 Nxc3 6. bxc3 Bg7 7. Rb1 Nd7 8.
Nf3 O-O 9. O-O Nf6 10. Qc2 Bd7 11. e3 a5 0-1

[Event "Alberta op"]
[Site "Calgary CAN"]
[Date "2002.10.13"]
[Round "3"]
[White "Dean, Tim"]
[Black "Miller, Mitch"]
[Result "1-0"]
[WhiteElo "1868"]
[BlackElo "1507"]
[PlyCount "121"]
[EventDate "2002.10.12"]
[EventType "swiss"]
[EventRounds "6"]
[EventCountry "CAN"]

1. e4 e5 2. Nf3 Nc6 3. Bc4 Bc5 4. c3 Nf6 5. d4 exd4 6. cxd4 Bb4+ 7. Nc3 Nxe4 8.
O-O Bxc3 9. bxc3 d5 10. Re1 O-O 11. Bd3 Bg4 12. Bxe4 dxe4 13. Rxe4 f5 14. Re1
Re8 15. Rxe8+ Qxe8 16. Bd2 Rd8 17. Qb3+ Kh8 18. Ng5 Bh5 19. Re1 Qg8 20. Ne6 Re8
21. d5 Na5 22. Qb5 b6 23. Nxc7 Rxe1+ 24. Bxe1 h6 25. c4 Nb7 26. Qd7 Qf7 27.
Qc8+ Kh7 28. Qxb7 Qe7 29. Bc3 Qa3 30. h3 Qxc3 31. Ne6 Kg6 32. Nf4+ Kg5 33. Nxh5
Kxh5 34. Qc7 g6 35. Qf4 g5 36. Qf3+ Qxf3 37. gxf3 Kg6 38. a4 Kf7 39. Kg2 a5 40.
Kg3 f4+ 41. Kg4 Kg6 42. h4 Kf6 43. hxg5+ hxg5 44. Kh5 Kf5 45. d6 Ke6 46. Kxg5
Kxd6 47. Kxf4 Kc5 48. Ke4 Kxc4 49. f4 b5 50. axb5 Kxb5 51. f5 a4 52. f6 a3 53.
f7 a2 54. f8=Q a1=Q 55. Qb8+ Kc4 56. Qc7+ Kb3 57. Qb6+ Kc4 58. Qe6+ Kb4 59.
Qd6+ Kc4 60. Qd5+ Kb4 61. Qd4+ 1-0

[Event "Alberta op"]
[Site "Calgary CAN"]
[Date "2002.10.13"]
[Round "3"]
[White "Gardner, Robert"]
[Black "Daniluk, Jim"]
[Result "1-0"]
[WhiteElo "2244"]
[BlackElo "1988"]
[PlyCount "123"]
[EventDate "2002.10.12"]
[EventType "swiss"]
[EventRounds "6"]
[EventCountry "CAN"]

1. e4 c5 2. Nf3 Nc6 3. d4 cxd4 4. Nxd4 Nf6 5. Nc3 e5 6. Ndb5 d6 7. Nd5 Nxd5 8.
exd5 Ne7 9. c3 Ng6 10. Qa4 Bd7 11. Qc4 Bxb5 12. Qxb5+ Qd7 13. Be3 a6 14. Qxd7+
Kxd7 15. g3 Ne7 16. Bh3+ f5 17. O-O h5 18. Rfd1 g6 19. f3 Bg7 20. a4 h4 21. Bg2
Bf6 22. a5 Rac8 23. Rac1 hxg3 24. hxg3 Rc7 25. c4 f4 26. gxf4 Nf5 27. Bb6 Rcc8
28. fxe5 Bxe5 29. b4 Bf4 30. Rc3 Rce8 31. Bf2 Re2 32. Re1 Rb2 33. c5 Bd2 34.
c6+ bxc6 35. dxc6+ Kc8 36. Rec1 Bxc3 37. Rxc3 Rb1+ 38. Bf1 Rh5 39. f4 Rxb4 40.
Bxa6+ Kc7 41. Bb6+ Rxb6 42. axb6+ Kxb6 43. c7 Ne7 44. c8=Q Nxc8 45. Bxc8 Rh4
46. Rf3 d5 47. Kg2 d4 48. Kg3 Rh8 49. Be6 Rf8 50. Kg4 Rf6 51. Bd5 Kc5 52. Be4
Re6 53. Bd3 Re1 54. Bxg6 Kc4 55. Bf7+ Kb4 56. Rd3 Kc5 57. f5 Rf1 58. Bb3 Rg1+
59. Kf4 Rf1+ 60. Ke5 Re1+ 61. Kf6 Rf1 62. Ke6 1-0

[Event "Alberta op"]
[Site "Calgary CAN"]
[Date "2002.10.13"]
[Round "3"]
[White "Huber, Greg"]
[Black "Veneracion, Paolo"]
[Result "1-0"]
[WhiteElo "2301"]
[BlackElo "2157"]
[PlyCount "115"]
[EventDate "2002.10.12"]
[EventType "swiss"]
[EventRounds "6"]
[EventCountry "CAN"]

1. e4 c5 2. Nc3 d6 3. Nge2 Nf6 4. d4 cxd4 5. Nxd4 a6 6. Be2 e6 7. O-O Be7 8. f4
Qc7 9. Bf3 Nc6 10. Kh1 Bd7 11. Be3 Nxd4 12. Qxd4 O-O 13. e5 Ne8 14. Rad1 Bc6
15. Ne4 d5 16. Ng3 g6 17. Be2 Ng7 18. Bd3 Bh4 19. Ne2 Nf5 20. Qb6 Qxb6 21. Bxb6
Rac8 22. c3 Be7 23. Kg1 Ba4 24. Rd2 h5 25. Rf3 Rc6 26. Bf2 Nh6 27. b3 Bb5 28.
Bxb5 axb5 29. Nd4 Rfc8 30. Nxc6 Rxc6 31. Kf1 Nf5 32. g3 Bd8 33. Rfd3 Ba5 34.
Rc2 Kf8 35. Ke2 Ke7 36. h3 Ng7 37. g4 Ke8 38. Bd4 Bd8 39. a3 Be7 40. Ra2 Kd7
41. Rdd2 h4 42. a4 b4 43. cxb4 Bxb4 44. Rdc2 Ra6 45. Rc1 Ba5 46. Rac2 Ra8 47.
b4 Bd8 48. a5 Ne8 49. Bf2 g5 50. fxg5 Bxg5 51. Rf1 f6 52. Bd4 Ke7 53. exf6+ Kf7
54. Be5 Rd8 55. Kd3 Rd7 56. b5 d4 57. Rc5 Be3 58. a6 1-0

[Event "Alberta op"]
[Site "Calgary CAN"]
[Date "2002.10.13"]
[Round "3"]
[White "Johnson, Dean"]
[Black "Dean, Tim"]
[Result "1-0"]
[WhiteElo "1624"]
[BlackElo "1868"]
[PlyCount "101"]
[EventDate "2002.10.12"]
[EventType "swiss"]
[EventRounds "6"]
[EventCountry "CAN"]

1. d4 Nf6 2. c4 e5 3. dxe5 Ng4 4. Bf4 Nc6 5. Nf3 Bb4+ 6. Nbd2 Qe7 7. e3 Ngxe5
8. Nxe5 Nxe5 9. a3 Bxd2+ 10. Qxd2 d6 11. Be2 Be6 12. Rc1 O-O 13. O-O Nd7 14.
Rfd1 a5 15. b4 axb4 16. axb4 Nf6 17. Bf3 Rab8 18. Qd4 Rfd8 19. c5 d5 20. Bg5 h6
21. Bxf6 Qxf6 22. Qxf6 gxf6 23. Rd4 c6 24. Rcd1 f5 25. Rh4 Kg7 26. Rdd4 Ra8 27.
g4 fxg4 28. Bxg4 f5 29. Bh3 Ra1+ 30. Kg2 Kh7 31. Rdf4 Rg8+ 32. Kf3 Rg5 33. Bg2
Kg6 34. Rh3 d4 35. Rxd4 Bd5+ 36. Rxd5 cxd5 37. Rg3 Rb1 38. Kf4 Kf6 39. Bxd5
Rxb4+ 40. Kf3 Rxg3+ 41. Kxg3 Rb5 42. Bf3 Rb4 43. c6 b6 44. Bg2 Rb5 45. Bf3 Rc5
46. e4 Rxc6 47. e5+ Kxe5 48. Bxc6 Kd4 49. Kf4 Kc5 50. Be8 b5 51. Bxb5 1-0

[Event "Alberta op"]
[Site "Calgary CAN"]
[Date "2002.10.13"]
[Round "3"]
[White "Kazmaier, Daniel"]
[Black "Cacho, Belly"]
[Result "0-1"]
[WhiteElo "1846"]
[BlackElo "1730"]
[PlyCount "114"]
[EventDate "2002.10.12"]
[EventType "swiss"]
[EventRounds "6"]
[EventCountry "CAN"]

1. e4 e5 2. Nf3 Nf6 3. Nxe5 d6 4. Nf3 Nxe4 5. d4 d5 6. Bd3 Bd6 7. O-O O-O 8. c4
c6 9. Qc2 Nf6 10. Bg5 h6 11. Bh4 dxc4 12. Bxc4 Be7 13. h3 Nbd7 14. Nc3 Nb6 15.
Bd3 Nh5 16. Bxe7 Qxe7 17. Bf5 Qf6 18. Bxc8 Raxc8 19. Ne4 Qf4 20. Rfe1 Nd5 21.
Nc3 Nhf6 22. Re5 Nd7 23. Rf5 Qd6 24. Nxd5 cxd5 25. Qb3 Nb6 26. Re1 Rc7 27. Nd2
Qg6 28. Rfe5 Qd6 29. Nb1 Nc4 30. R5e2 g6 31. Nc3 a6 32. Rc1 Rfc8 33. Rce1 Kg7
34. Nd1 b5 35. Qf3 Nb6 36. Re5 Qf6 37. Qg3 Rc4 38. Ne3 Rc1 39. Rxc1 Rxc1+ 40.
Kh2 Rb1 41. Re8 h5 42. Qb8 Kh7 43. Qc7 Rxb2 44. Rb8 Nc4 45. Nxd5 Qd6+ 46. Qxd6
Nxd6 47. Rb6 Nf5 48. Rxa6 Nxd4 49. a4 Rxf2 50. axb5 Nxb5 51. Rb6 Nd4 52. Kg3
Rd2 53. Nf6+ Kg7 54. Ne4 h4+ 55. Kf4 Rxg2 56. Rb7 Ne6+ 57. Kf3 Ra2 0-1

[Event "Alberta op"]
[Site "Calgary CAN"]
[Date "2002.10.13"]
[Round "3"]
[White "Kuwair, Martin"]
[Black "Chapman, James"]
[Result "1/2-1/2"]
[WhiteElo "1840"]
[BlackElo "1651"]
[PlyCount "64"]
[EventDate "2002.10.12"]
[EventType "swiss"]
[EventRounds "6"]
[EventCountry "CAN"]

1. e4 c5 2. Bc4 d6 3. Nc3 a6 4. f4 Nc6 5. Qh5 g6 6. Qd1 Bg7 7. Nf3 e6 8. O-O
Nge7 9. Bb3 Qc7 10. a3 b5 11. d3 Bb7 12. Ne2 Rc8 13. Qe1 c4 14. dxc4 Na5 15.
Ng3 Nxc4 16. c3 d5 17. e5 O-O 18. Bc2 Rfd8 19. h4 Nc6 20. h5 d4 21. hxg6 hxg6
22. Ne4 N6xe5 23. fxe5 Nxe5 24. Nxe5 Qxe5 25. Bf4 Qd5 26. Bh6 f5 27. Bxg7 Kxg7
28. Qf2 d3 29. Bxd3 Qxd3 30. Ng5 Qd6 31. Rfe1 Bd5 32. Qd4+ Kg8 1/2-1/2

[Event "Alberta op"]
[Site "Calgary CAN"]
[Date "2002.10.13"]
[Round "3"]
[White "Meharg, Bruce"]
[Black "Kaminski, Victor"]
[Result "1-0"]
[WhiteElo "1860"]
[BlackElo "1685"]
[PlyCount "103"]
[EventDate "2002.10.12"]
[EventType "swiss"]
[EventRounds "6"]
[EventCountry "CAN"]

1. d4 e6 2. c4 Nf6 3. Nc3 Bb4 4. e3 b6 5. Nge2 Bb7 6. a3 Bxc3+ 7. Nxc3 d6 8. f3
O-O 9. e4 Qe7 10. Bg5 c5 11. e5 cxd4 12. exf6 gxf6 13. Bh6 dxc3 14. Bxf8 Kxf8
15. bxc3 Nd7 16. Bd3 Kg7 17. O-O Ne5 18. Qc2 Rc8 19. Bxh7 f5 20. Bxf5 exf5 21.
Qxf5 Rxc4 22. Rfe1 Qf6 23. Qc2 Rxc3 24. Qf2 Rxf3 25. gxf3 Nxf3+ 26. Kf1 Nxh2+
27. Kg1 Nf3+ 28. Kf1 Ba6+ 29. Kg2 Nxe1+ 30. Rxe1 Qxf2+ 31. Kxf2 Bc4 32. Re7 a5
33. Ke3 Kf6 34. Rc7 d5 35. Rc6+ Ke5 36. Rxb6 f5 37. Rb8 d4+ 38. Kd2 a4 39. Re8+
Be6 40. Ra8 f4 41. Rxa4 f3 42. Rb4 f2 43. Ke2 Ke4 44. Kxf2 Kd3 45. Ke1 Kc3 46.
Rb6 Bd5 47. a4 d3 48. Rd6 d2+ 49. Ke2 Bb3 50. a5 Kb4 51. Rb6+ Ka4 52. Rxb3 1-0

[Event "Alberta op"]
[Site "Calgary CAN"]
[Date "2002.10.13"]
[Round "3"]
[White "Miller, Mitch"]
[Black "Robertson, Archie"]
[Result "0-1"]
[WhiteElo "1507"]
[BlackElo "1870"]
[PlyCount "90"]
[EventDate "2002.10.12"]
[EventType "swiss"]
[EventRounds "6"]
[EventCountry "CAN"]

1. e4 e6 2. d4 d5 3. Nc3 Bb4 4. exd5 Bxc3+ 5. bxc3 exd5 6. Nf3 Nf6 7. Bg5 O-O
8. Be2 Qd6 9. Bxf6 Qxf6 10. O-O Be6 11. Rb1 b6 12. Ne5 Nd7 13. Nxd7 Bxd7 14. c4
dxc4 15. Bxc4 Be6 16. d5 Bf5 17. Bb3 Rad8 18. Rc1 c6 19. c4 cxd5 20. cxd5 Rd6
21. Qf3 Qg6 22. Qg3 Be4 23. Rfd1 Rfd8 24. Rc6 Rxc6 25. dxc6 Rxd1+ 26. Bxd1 Qxg3
27. hxg3 Bxc6 28. f4 Kf8 29. Kf2 Bd5 30. Bb3 Bxb3 31. axb3 Ke7 32. Ke2 Kd6 33.
Kd3 Kc5 34. Kc3 a5 35. g4 b5 36. g3 a4 37. Kb2 Kb4 38. bxa4 Kxa4 39. g5 g6 40.
g4 Kb4 41. f5 Kc4 42. Kb1 Kc3 43. Kc1 Kd3 44. Kb2 Ke4 45. fxg6 hxg6 0-1

[Event "Alberta op"]
[Site "Calgary CAN"]
[Date "2002.10.13"]
[Round "3"]
[White "Ottosen, David"]
[Black "Haessel, Dale"]
[Result "0-1"]
[WhiteElo "2000"]
[BlackElo "2250"]
[PlyCount "90"]
[EventDate "2002.10.12"]
[EventType "swiss"]
[EventRounds "6"]
[EventCountry "CAN"]

1. e4 c5 2. Nf3 d6 3. d4 cxd4 4. Nxd4 Nf6 5. Nc3 a6 6. Be3 e5 7. Nb3 Be6 8. Be2
Be7 9. O-O O-O 10. Bf3 Nbd7 11. a4 Nb6 12. a5 Nc4 13. Bc1 Qc7 14. g4 h6 15. h4
Nd7 16. g5 hxg5 17. hxg5 Qd8 18. g6 fxg6 19. Bg4 Bf7 20. Qd3 Bg5 21. Nd5 Bxc1
22. Rfxc1 Qg5 23. f3 Nxb2 24. Qe3 Qxe3+ 25. Nxe3 Nf6 26. Nd2 Nxg4 27. fxg4 Rac8
28. Rcb1 Nc4 29. Ndxc4 Bxc4 30. Rxb7 Rf4 31. Ra3 Rxe4 32. Rb6 d5 33. Nxc4 Rxg4+
34. Kf1 Rf4+ 35. Ke1 Rfxc4 36. Rxa6 Rxc2 37. Rd6 d4 38. a6 Rh2 39. Kd1 Rb8 40.
Kc1 Rf8 41. Rd3 Rf1+ 42. Rd1 Rxd1+ 43. Kxd1 Ra2 44. Rxg6 Kf7 45. Rd6 g5 0-1

[Event "Alberta op"]
[Site "Calgary CAN"]
[Date "2002.10.13"]
[Round "3"]
[White "Pivovarov, Juraj"]
[Black "Hughey, Micah"]
[Result "1/2-1/2"]
[WhiteElo "1791"]
[BlackElo "2011"]
[PlyCount "32"]
[EventDate "2002.10.12"]
[EventType "swiss"]
[EventRounds "6"]
[EventCountry "CAN"]

1. Nf3 c5 2. g3 Nf6 3. Bg2 d5 4. d3 Nc6 5. O-O e6 6. Nbd2 Bd6 7. b3 O-O 8. Bb2
Rb8 9. Re1 d4 10. c3 e5 11. cxd4 cxd4 12. Nc4 Bb4 13. Nfxe5 Bxe1 14. Qxe1 Nxe5
15. Nxe5 Re8 16. Nf3 Bg4 1/2-1/2

[Event "Alberta op"]
[Site "Calgary CAN"]
[Date "2002.10.13"]
[Round "3"]
[White "Pradhan, Faruq"]
[Black "Boehmer, Kris"]
[Result "0-1"]
[WhiteElo "1179"]
[BlackElo "2115"]
[PlyCount "25"]
[EventDate "2002.10.12"]
[EventType "swiss"]
[EventRounds "6"]
[EventCountry "CAN"]

1. e4 c5 2. Nf3 Nc6 3. d4 cxd4 4. Nxd4 g6 5. Nc3 Bg7 6. Be3 Nf6 7. Qd2 O-O 8.
O-O-O Ng4 9. Nxc6 bxc6 10. f3 Nxe3 11. Qxe3 d6 12. Bc4 Qa5 13. a3 0-1

[Event "Alberta op"]
[Site "Calgary CAN"]
[Date "2002.10.13"]
[Round "3"]
[White "Pradhan, Sarah"]
[Black "Alkema, Harold"]
[Result "0-1"]
[WhiteElo "885"]
[BlackElo "1490"]
[PlyCount "42"]
[EventDate "2002.10.12"]
[EventType "swiss"]
[EventRounds "6"]
[EventCountry "CAN"]

1. e4 e5 2. Nf3 Nc6 3. Bb5 d6 4. O-O Bd7 5. Bxc6 Bxc6 6. d3 Nf6 7. h3 Be7 8.
Bg5 h6 9. Bxf6 Bxf6 10. Nbd2 O-O 11. Nb3 b6 12. Qd2 d5 13. exd5 Bxd5 14. Qe2
Re8 15. Rab1 e4 16. Nfd2 exd3 17. Qxd3 Bxb3 18. Qxb3 Qxd2 19. c3 Qf4 20. Rbe1
Be5 21. a3 Qh2# 0-1

[Event "Alberta op"]
[Site "Calgary CAN"]
[Date "2002.10.13"]
[Round "3"]
[White "Schmeisser, Alex"]
[Black "McKay, Tom"]
[Result "0-1"]
[WhiteElo "1194"]
[BlackElo "1482"]
[PlyCount "82"]
[EventDate "2002.10.12"]
[EventType "swiss"]
[EventRounds "6"]
[EventCountry "CAN"]

1. e4 c5 2. Bc4 e6 3. Nf3 d6 4. Nc3 Nf6 5. d3 Nc6 6. Be3 a6 7. d4 b5 8. Be2
cxd4 9. Nxd4 Bb7 10. Nxc6 Bxc6 11. Bf3 e5 12. Qd3 Be7 13. O-O-O O-O 14. h3 b4
15. Ne2 a5 16. a3 bxa3 17. bxa3 Qb8 18. Kd2 Rc8 19. Rb1 Qc7 20. Rb2 Rcb8 21.
Rhb1 Rxb2 22. Rxb2 Rb8 23. Qc3 Rxb2 24. Qxb2 Bxe4 25. Nc3 Bxf3 26. gxf3 h6 27.
Qb5 Bd8 28. Bb6 Qxb6 29. Qd3 Qxf2+ 30. Ne2 Qc5 31. a4 Nd5 32. c4 Bg5+ 33. Ke1
Nf4 34. Nxf4 Bxf4 35. Kf1 Bg3 36. Qe2 Qb4 37. Qc2 g5 38. Kg2 Bf4 39. Kf1 Qc5
40. Kg2 d5 41. Qd1 Qxc4 0-1